[Event "Central-SRB chT 2018"]
[Site "Kragujevac"]
[Date "2018.09.16"]
[Round "4"]
[White "Mijailovic, Zoran"]
[Black "Zlatanovic, Boroljub"]
[Result "1-0"]
[WhiteElo "2400"]
[BlackElo "2371"]
[Annotator "TA"]
[PlyCount "55"]
[EventDate "2018.09.14"]
[EventType "team-tourn"]
[EventCountry "SRB"]
[SourceTitle "playchess.com"]
[Source "ChessBase"]
[SourceQuality "1"]

{[%evp 12,55,53,29,50,30,47,41,78,78,83,83,82,68,74,42,108,73,116,126,127,122,126,116,125,116,108,66,108,95,117,128,108,106,200,165,275,194,593,590,582,573,1507,1556,1533,1536]} 1. d4 g6 2. e4 Bg7 3. c4 d6 4. Nc3 e5 5. Nf3 Bg4 6. d5 Nd7 7. Be2 {LiveBook: 26 Games. A42: Modern Defence: Averbakh Variation} Qe7 (7... Bxf3 8. Bxf3 h5 9. h4 a5 10. g3 Bh6 11. Kf1 Nc5 12. Kg2 Kf8 13. b3 Bxc1 14. Rxc1 Qd7 {½-½ (60) Nihal,S (2551)-Krasenkow,M (2631) Porticcio 2018}) 8. b4 $146 ({Predecessor:} 8. Nd2 Bxe2 9. Qxe2 Bh6 10. Nb3 a6 11. O-O Bxc1 12. Nxc1 Ngf6 13. Nd3 O-O 14. g3 {½-½ (14) Todorovic,G (2350)-Zlatanovic,B (2392) Kragujevac 2016}) 8... Ngf6 9. Be3 {White is slightly better.} Bxf3 10. Bxf3 O-O 11. O-O Ne8 12. Qb3 f5 13. c5 Ndf6 (13... dxc5 $14 14. exf5 c4 15. Qxc4 Nd6) 14. Rac1 (14. a4 {feels hotter.} b6 15. cxb6 cxb6 16. a5 Rb8 17. axb6 axb6 18. Ra6) 14... Nxe4 15. Bxe4 fxe4 16. Nxe4 h6 17. cxd6 cxd6 18. Rc4 Nf6 19. Qd3 Nxe4 20. Qxe4 Kh7 21. Rfc1 Rf7 22. b5 Qe8 (22... h5 $16) 23. a4 h5 (23... Qd8 $142 24. R1c3 h5) 24. Rc7 Bh6 $2 {[#]} (24... Bf6 25. Qb4 Rd8 26. Bxa7 Bg5) 25. Qf3 $18 {White is clearly winning.} Rd7 26. Qh3 Rg7 27. Bxh6 Kxh6 28. Qe3+ {Precision: White = 59%, Black = 25%.} 1-0

[Event "Central-SRB chT 2018"]
[Site "Kragujevac"]
[Date "2018.09.16"]
[Round "4"]
[White "Atakisi, Umut"]
[Black "Ristic, Nenad"]
[Result "1-0"]
[WhiteElo "2397"]
[BlackElo "2359"]
[Annotator "NA"]
[PlyCount "49"]
[EventDate "2018.09.14"]
[EventType "team-tourn"]
[EventCountry "SRB"]
[SourceTitle "playchess.com"]
[Source "ChessBase"]
[SourceQuality "1"]
[TimeControl "40/5400+30:1800+30"]

1. e4 {[%emt 0:00:00]} c5 {[%emt 0:00:12]} 2. Nf3 {[%emt 0:00:00]} d6 {[%emt 0:00:06]} 3. Bb5+ {[%emt 0:00:00]} Bd7 {[%emt 0:00:07]} 4. Bxd7+ {[%emt 0:00:00]} Nxd7 {[%emt 0:00:10]} 5. O-O {[%emt 0:00:09]} Ngf6 {[%emt 0:00:08]} 6. Qe2 {[%emt 0:00:09]} e6 {[%emt 0:00:07]} 7. c3 {[%emt 0:00:26]} Be7 {[%emt 0:00:22]} 8. d4 {[%emt 0:00:34]} O-O {[%emt 0:02:59]} 9. e5 $11 {[%emt 0:11:13] LiveBook: 41 Games} Ne8 {[%emt 0:01:26]} 10. Qe4 {[%emt 0:24:24]} cxd4 {[%emt 0:07:54]} 11. cxd4 {[%emt 0:00:36]} dxe5 {[%emt 0:00:29]} 12. dxe5 {[%emt 0:00:13]} Nc5 {[%emt 0:00:10]} 13. Qg4 {[%emt 0:00:21]} Qd3 {[%emt 0:00:49]} 14. Nc3 {[%emt 0:01:01]} Rd8 {[%emt 0:01:55]} 15. Be3 {[%emt 0:05:43]} Nc7 {[%emt 0:01:50]} 16. Rad1 {[%emt 0:12:47]} Qc2 {[%emt 0:11:28]} 17. Rc1 {[%emt 0:02:51]} Qd3 {[%emt 0:13:31]} 18. Bxc5 {[%emt 0:03:30]} Bxc5 {[%emt 0:00:15]} 19. Na4 {[%emt 0:01:27]} b6 {[%emt 0:01:20]} 20. b4 {[%emt 0:01:31]} Nb5 {[%emt 0:07:27]} 21. bxc5 {[%emt 0:02:00]} Nd4 {[%emt 0:00:07]} 22. Nxd4 {[%emt 0:06:36]} Rxd4 {[%emt 0:00:16]} 23. Rfd1 {[%emt 0:00:19]} Rxg4 {[%emt 0:01:06]} 24. Rxd3 {[%emt 0:00:07]} Rxa4 {[%emt 0:00:13]} 25. c6 {[%emt 0:00:06]} 1-0

[Event "Central-SRB chT 2018"]
[Site "Kragujevac"]
[Date "2018.09.16"]
[Round "4"]
[White "Radovic, Luka"]
[Black "Rajkovic, Mladen"]
[Result "1/2-1/2"]
[WhiteElo "2342"]
[BlackElo "2304"]
[Annotator "TA"]
[PlyCount "48"]
[EventDate "2018.09.14"]
[EventType "team-tourn"]
[EventCountry "SRB"]
[SourceTitle "playchess.com"]
[Source "ChessBase"]
[SourceQuality "1"]

{[%evp 20,48,16,19,10,5,22,13,19,8,11,0,47,12,8,10,10,10,64,4,3,0,0,0,0,-3,6,8,12,10,11]} 1. Nf3 d5 2. g3 c5 3. Bg2 Nc6 4. O-O e5 5. d3 Nf6 6. e4 Be7 7. c3 {A08: King's Indian Attack} O-O 8. exd5 Nxd5 9. Re1 f6 10. d4 exd4 11. cxd4 {LiveBook: 4 Games} Bg4 $146 ({Predecessor:} 11... Nb6 12. dxc5 Qxd1 13. Rxd1 Bxc5 14. Nc3 Bg4 {1-0 (37) Bernadskiy,V (2559)-Enchev,I (2380) Sunny Beach 2014}) 12. Qb3 {[#] Nc3 is the strong threat.} Na5 13. Qa4 {Black should prevent dxc5.} Bd7 14. Qd1 {Threatening dxc5.} Bc6 15. Nc3 Re8 16. Nxd5 Qxd5 17. Be3 Rad8 18. dxc5 Qh5 (18... Qxd1 $1 $11 19. Rexd1 Rxd1+ 20. Rxd1 Nc4) 19. Nd4 (19. Nd2 $1 $14 Qf7 20. Qc2) 19... Qxd1 $11 {The position is equal.} 20. Raxd1 Bxg2 21. Kxg2 Bxc5 22. Nf5 Rxd1 23. Rxd1 Bxe3 24. Nxe3 Nc6 {Precision: White = 43%, Black = 52%.} 1/2-1/2

[Event "Central-SRB chT 2018"]
[Site "Kragujevac"]
[Date "2018.09.16"]
[Round "4"]
[White "Todorovic, Goran N"]
[Black "Mladenovic, Stefan"]
[Result "1-0"]
[WhiteElo "2326"]
[BlackElo "2355"]
[Annotator "TA"]
[PlyCount "78"]
[EventDate "2018.09.14"]
[EventType "team-tourn"]
[EventCountry "SRB"]
[SourceTitle "playchess.com"]
[Source "ChessBase"]
[SourceQuality "1"]

{[%evp 23,78,60,77,77,76,71,79,76,77,69,92,78,82,106,100,71,72,65,55,31,39,19,22,14,14,20,25,14,18,11,5,23,18,15,18,0,27,0,0,0,3,18,506,818,804,803,705,684,29975,29976,29983,29984,29984,29985,29985,29986,29985]} 1. c4 Nf6 2. Nc3 c5 3. Nf3 b6 4. d4 cxd4 5. Nxd4 Bb7 6. f3 g6 7. e4 d6 8. Be3 Bg7 9. Be2 O-O 10. O-O Nbd7 {[%cal Bb8d7,Bd7c5,Bc5a4][%mdl 32]} 11. Qd2 a6 12. Rac1 Rc8 13. Rfd1 {A31: Symmetrical English: 2 Nf3 Nf6 3 d4} Rc7 $146 ({Predecessor:} 13... Re8 14. Bf1 Qc7 15. Kh1 Qb8 16. b3 Red8 17. Nde2 Bc6 18. Nf4 b5 19. Nfd5 Bxd5 20. cxd5 Rc7 {1-0 (52) Mareco,S (2645)-Hambleton,A (2441) chess.com INT 2017}) 14. Nd5 Nxd5 15. cxd5 {[#] And now Nc6 would win.White is better.} Nc5 16. b4 Na4 $1 17. Rxc7 Qxc7 18. Rc1 Qd7 19. Bd1 b5 20. Bxa4 bxa4 21. Nc6 e6 22. Bd4 Bxd4+ 23. Qxd4 exd5 24. exd5 Re8 25. Kf2 Qf5 26. h4 {Black must now prevent g4.} h5 $1 27. a3 g5 28. hxg5 Qxg5 29. Rh1 f6 30. Rh4 Kf7 31. Re4 {[#] Hoping for Rxe8.} Rg8 $1 32. g4 $36 {[%mdl 2048] White has good play.} Qh4+ $2 {[%mdl 8192]} (32... Bxc6 $1 $11 {and Black has nothing to worry.} 33. dxc6 d5 34. Qa7+ Kg6 35. gxh5+ Kh6) 33. Ke2 $18 Qh2+ 34. Kd3 Bxc6 35. dxc6 {Threatening mate with Qd5+.} Qh1 36. Qd5+ {White mates.} Kf8 37. Qxd6+ Kg7 38. Qe7+ Kg6 39. gxh5+ Qxh5 {Precision: White = 59%, Black = 53%.} 1-0

[Event "Central-SRB chT 2018"]
[Site "Kragujevac"]
[Date "2018.09.16"]
[Round "4"]
[White "Radovanovic, Jovica"]
[Black "Damljanovic, Branko"]
[Result "1/2-1/2"]
[WhiteElo "2322"]
[BlackElo "2470"]
[Annotator "TA"]
[PlyCount "107"]
[EventDate "2018.09.14"]
[EventType "team-tourn"]
[EventCountry "SRB"]
[SourceTitle "playchess.com"]
[Source "ChessBase"]
[SourceQuality "1"]

{[%evp 17,107,29,35,8,27,0,0,-13,-17,-14,-16,-14,-14,-14,-14,-14,-14,-14,-8,-14,-9,-14,-5,-26,-16,-16,-16,-16,-18,-17,-14,-12,0,0,0,0,0,0,0,0,0,-20,0,-15,8,-55,-56,-55,-25,-43,-44,-46,-41,-47,-41,-41,-41,-58,-58,-56,-56,-56,-56,-42,-38,-35,-35,-84,-13,-14,-8,-14,-8,-8,-8,-8,-8,-8,0,0,0,0,0,0,0,0,0,0,0,0,0,0]} 1. d4 Nf6 2. c4 g6 3. Nf3 Bg7 4. g3 O-O 5. Bg2 d6 6. O-O Nc6 7. Nc3 Bf5 8. b3 a5 {E62: King's Indian: Fianchetto: 6...c6 and Panno Variation (6...Nc6) without ...a6} 9. Bb2 e5 {LiveBook: 3 Games} 10. dxe5 dxe5 11. Qxd8 $146 ({Predecessor:} 11. Nd5 Re8 12. Ne1 h5 13. Nc2 h4 14. Nce3 h3 15. Bh1 Bc8 16. Nxf6+ Bxf6 {½-½ (66) Markus,R (2671)-Damljanovic,B (2548) Kragujevac 2017}) 11... Rfxd8 12. Rad1 e4 13. Nh4 Bg4 14. h3 Be6 {Strongly threatening ...g5.} 15. g4 h5 16. Nxe4 Nxe4 17. Bxg7 Kxg7 18. Bxe4 hxg4 19. hxg4 Bxg4 20. Nf3 Nb4 {White should prevent ...Rxd1.} 21. Bxb7 Rxd1 22. Rxd1 Rb8 23. Ne5 Bxe2 24. Rd2 Rxb7 25. Rxe2 $11 {[%mdl 4096] Endgame KRN-KRN} Rb6 26. Nd7 Rd6 27. Nc5 Kf8 28. Kg2 Rd1 29. a3 Nc6 30. Na6 Ra1 31. b4 (31. a4 $11) 31... axb4 32. Nxb4 Nd4 33. Ra2 Rc1 34. a4 Rxc4 35. Nd3 Rc3 36. Ne5 Nc6 37. Nxc6 Rxc6 $15 {KR-KR} 38. a5 Ra6 39. Kf3 Ke7 40. Ke4 Kd6 41. Kd4 Kc6 42. Kc4 {[#]} Ra8 (42... Kb7 $1 $17 43. Rb2+ Ka7) 43. Ra3 $11 {The position is equal.} Re8 44. a6 Kb6 45. a7 Kb7 46. Kd5 Rd8+ 47. Kc5 Rh8 48. Rb3+ Kxa7 49. Kc6 Rh4 {aiming for ...Rc4+.} 50. Kxc7 {[#] Threatening mate with Ra3+.} Rc4+ 51. Kd6 Rf4 52. f3 Ka6 53. Kc5 g5 54. Kc6 {Precision: White = 66%, Black = 56%.} 1/2-1/2

[Event "Central-SRB chT 2018"]
[Site "Kragujevac"]
[Date "2018.09.16"]
[Round "4"]
[White "Rajkovic, Dusan"]
[Black "Todorovic, Nenad I"]
[Result "1/2-1/2"]
[WhiteElo "2322"]
[BlackElo "2291"]
[Annotator "ChessBase"]
[PlyCount "76"]
[EventDate "2018.09.14"]
[EventType "team-tourn"]
[EventCountry "SRB"]
[SourceTitle "playchess.com"]
[Source "ChessBase"]
[SourceQuality "1"]
[TimeControl "40/5400+30:1800+30"]

1. d4 Nf6 2. c4 e6 3. Nf3 b6 4. g3 Ba6 5. b3 Bb4+ 6. Bd2 Be7 7. Nc3 {[%emt 0:09:07]} c6 {[%emt 0:09:20]} 8. e4 {[%emt 0:04:31]} d5 {[%emt 0:05:16]} 9. Qc2 {[%emt 0:05:56]} dxe4 {[%emt 0:03:20]} 10. Nxe4 {[%emt 0:00:10]} Bb7 {[%emt 0:06:12]} 11. Bd3 {[%emt 0:17:35]} Nbd7 {[%emt 0:01:19]} 12. O-O {[%emt 0:18:00]} Nxe4 {[%emt 0:05:43]} 13. Bxe4 {[%emt 0:00:06]} Nf6 {[%emt 0:00:06]} 14. Rfe1 {[%emt 0:03:07]} Nxe4 {[%emt 0:02:28]} 15. Qxe4 {[%emt 0:00:06]} O-O {[%emt 0:03:29]} 16. Rac1 {[%emt 0:01:45]} Re8 {[%emt 0:07:54]} 17. Bf4 {[%emt 0:03:01]} Ba3 {[%emt 0:12:34]} 18. Rcd1 {[%emt 0:12:12]} f6 {[%emt 0:01:57]} 19. h4 {[%emt 0:14:46]} Qd7 {[%emt 0:02:03]} 20. c5 {[%emt 0:01:55]} Qd5 {[%emt 0:01:30]} 21. Bd6 {[%emt 0:00:33]} Bb4 {[%emt 0:04:52]} 22. Re3 {[%emt 0:00:16]} bxc5 {[%emt 0:20:08]} 23. Bxc5 {[%emt 0:01:25]} Bxc5 {[%emt 0:00:50]} 24. Qxd5 {[%emt 0:00:02]} cxd5 {[%emt 0:00:12]} 25. dxc5 {[%emt 0:00:07]} e5 {[%emt 0:00:08]} 26. b4 {[%emt 0:00:43]} Bc6 {[%emt 0:00:55]} 27. b5 {[%emt 0:04:32]} Bxb5 {[%emt 0:00:17]} 28. Rxd5 {[%emt 0:00:01]} Red8 {[%emt 0:01:59]} 29. Rd2 {[%emt 0:00:12]} Rac8 {[%emt 0:01:56]} 30. Rc3 {[%emt 0:00:23]} Kf7 {[%emt 0:01:03]} 31. g4 {[%emt 0:00:59]} Ke6 {[%emt 0:01:10]} 32. Kg2 {[%emt 0:00:38]} Rxd2 {[%emt 0:04:12]} 33. Nxd2 {[%emt 0:00:01]} Kd5 {[%emt 0:00:09]} 34. Nb3 {[%emt 0:00:40]} Bc4 {[%emt 0:00:43]} 35. h5 {[%emt 0:01:31]} Bxb3 {[%emt 0:01:37]} 36. Rxb3 {[%emt 0:00:03]} Rc7 {[%emt 0:00:28]} 37. Rb5 {[%emt 0:00:09]} Kc4 {[%emt 0:03:38]} 38. a4 {[%emt 0:00:08]} Kd5 {[%emt 0:00:53]} 1/2-1/2

[Event "Central-SRB chT 2018"]
[Site "Kragujevac"]
[Date "2018.09.16"]
[Round "4"]
[White "Djosic, Slavoljub"]
[Black "Roljevic, Djordje"]
[Result "1-0"]
[WhiteElo "2315"]
[BlackElo "2146"]
[Annotator "TA"]
[PlyCount "47"]
[EventDate "2018.09.14"]
[EventType "team-tourn"]
[EventCountry "SRB"]
[SourceTitle "playchess.com"]
[Source "ChessBase"]
[SourceQuality "1"]

{[%evp 12,47,12,-4,8,-2,15,0,0,-7,10,-4,-6,-5,25,0,40,30,54,58,62,58,56,54,58,48,150,162,467,415,463,328,896,874,882,869,812,564]} 1. b3 b6 2. Bb2 Bb7 3. Nf3 e6 4. g3 Nf6 5. Bg2 Be7 6. O-O O-O 7. d3 c5 {A05: Réti Opening: 1 Nf3 Nf6} (7... d5 8. Nbd2 c5 9. e3 Nc6 10. Qe2 Qc7 11. a3 Rad8 12. Rac1 e5 13. c4 d4 14. e4 g6 15. Ng5 Nh5 16. Nh3 Bc8 17. f3 {0-1 (44) Sosa,T (2459)-Morovic Fernandez,I (2527) Buenos Aires 2017}) 8. e4 d6 9. Nbd2 {[%cal Bb1d2,Bd2c4,Bc4d6][%mdl 32]} Nc6 {The position is equal.} 10. Ne1 Nd7 11. f4 Bf6 12. Bxf6 Qxf6 13. Nef3 Qc3 $146 ({Predecessor:} 13... Qe7 14. Kh1 Rac8 15. c3 {½-½ (77) Kamarainen,J-Ekstroem,R Hindas 1975}) 14. Nc4 Nd4 15. Nxd4 Qxd4+ 16. Kh1 d5 17. Nd6 $36 {[%mdl 2048] White fights for an advantage.} Bc6 18. e5 Nxe5 (18... b5 $14) 19. fxe5 $16 b5 $2 {[#]} (19... Qxe5 {is tougher.} 20. Nc4 Qc7) 20. Qe1 f6 21. a4 a6 $2 (21... bxa4 22. exf6 Rxf6 23. bxa4 Raf8 24. Rxf6 Qxf6) 22. axb5 $18 {White is clearly winning.} axb5 23. Rxa8 Bxa8 24. Nxb5 {Precision: White = 49%, Black = 19%.} 1-0

[Event "Central-SRB chT 2018"]
[Site "Kragujevac"]
[Date "2018.09.16"]
[Round "4"]
[White "Simic, Dragisa"]
[Black "Irizanin, Radoje"]
[Result "1/2-1/2"]
[WhiteElo "2299"]
[BlackElo "2296"]
[Annotator "NA"]
[PlyCount "54"]
[EventDate "2018.09.14"]
[EventType "team-tourn"]
[EventCountry "SRB"]
[SourceTitle "playchess.com"]
[Source "ChessBase"]
[SourceQuality "1"]
[TimeControl "40/5400+30:1800+30"]

1. e4 {[%emt 0:00:46]} c6 {[%emt 0:00:00]} 2. d4 {[%emt 0:03:58]} d5 {[%emt 0:00:00]} 3. exd5 {[%emt 0:00:07]} cxd5 {[%emt 0:00:35]} 4. c4 {[%emt 0:00:07]} e6 {[%emt 0:00:43]} 5. Nf3 {[%emt 0:00:14]} Nf6 {[%emt 0:00:23]} 6. Nc3 {[%emt 0:00:15]} Bb4 {[%emt 0:01:05]} 7. cxd5 {[%emt 0:02:19] LiveBook: 2030 Games} Nxd5 {[%emt 0:01:12]} 8. Qc2 {[%emt 0:02:03]} O-O {[%emt 0:07:21]} 9. Bd3 {[%emt 0:01:07] B14: Caro-Kann (Panow-Angriff)} Nf6 {[%emt 0:00:36]} (9... h6 10. O-O Nc6 11. a3 Bd6 12. Re1 Nce7 13. Qe2 Nf6 14. Ne4 Nf5 15. Nxd6 Qxd6 16. Bd2 a5 17. Qe5 Qxe5 18. dxe5 Nd5 19. Rac1 b6 {½-½ (58) Rakhmanov,A (2627)-Nihal,S (2551) Ankara 2018}) 10. Bg5 {[%emt 0:03:44]} h6 {[%emt 0:02:39]} 11. Be3 $146 {[%emt 0:00:45]} ({Vorgänger:} 11. Bh4 Nc6 12. Rd1 Be7 13. Qe2 Nb4 14. Bb1 Nfd5 15. Bg3 b6 16. O-O Ba6 17. Nb5 Nf6 18. Rfe1 {½-½ (18) Sieiro Gonzalez,L (2385)-Valiente,C (2335) Asuncion 1995}) 11... b6 {[%emt 0:03:20]} 12. O-O {[%emt 0:01:08]} Bb7 {[%emt 0:01:57]} 13. Ne5 {[%emt 0:01:11]} Nbd7 {[%emt 0:04:26]} 14. Nxd7 {[%emt 0:07:38]} Qxd7 {[%emt 0:05:36]} 15. a3 {[%emt 0:03:22]} Bd6 {[%emt 0:03:05]} 16. f3 {[%emt 0:06:58]} Rac8 {[%emt 0:03:57]} 17. Qd2 {[%emt 0:04:16]} Nd5 {[%emt 0:07:19]} 18. Nxd5 {[%emt 0:02:25]} Bxd5 {[%emt 0:02:06]} 19. Rac1 {[%emt 0:00:25]} Rxc1 {[%emt 0:05:28]} 20. Rxc1 {[%emt 0:00:45]} Rc8 {[%emt 0:01:21]} 21. Be4 {[%emt 0:07:07]} Rc6 {[%emt 0:07:38]} 22. Bxd5 {[%emt 0:06:44]} exd5 {[%emt 0:01:27]} 23. Bf4 {[%emt 0:01:41]} Bf8 {[%emt 0:04:30]} 24. g4 {[%emt 0:00:55]} Rxc1+ {[%emt 0:01:17]} 25. Qxc1 {[%emt 0:00:19]} f5 {[%emt 0:00:54]} 26. h3 {[%emt 0:01:31]} fxg4 {[%emt 0:03:59]} 27. hxg4 h5 $11 1/2-1/2

[Event "Central-SRB chT 2018"]
[Site "Kragujevac"]
[Date "2018.09.16"]
[Round "4"]
[White "Aleksic, Milan"]
[Black "Radovic, Janko"]
[Result "0-1"]
[WhiteElo "2257"]
[BlackElo "2405"]
[Annotator "ChessBase"]
[PlyCount "43"]
[EventDate "2018.09.14"]
[EventType "team-tourn"]
[EventCountry "SRB"]
[SourceTitle "playchess.com"]
[Source "ChessBase"]
[SourceQuality "1"]
[TimeControl "40/5400+30:1800+30"]

1. e4 {[%emt 0:00:00]} c5 {[%emt 0:00:00]} 2. Nf3 {[%emt 0:00:00]} d6 {[%emt 0:00:00]} 3. d4 {[%emt 0:00:22]} cxd4 {[%emt 0:00:00]} 4. Nxd4 {[%emt 0:00:14]} Nf6 {[%emt 0:00:00]} 5. Nc3 {[%emt 0:00:23]} a6 {[%emt 0:00:00]} 6. f3 {[%emt 0:00:58]} e5 {[%emt 0:05:37]} 7. Nb3 {[%emt 0:00:51]} Be6 {[%emt 0:00:04]} 8. Be3 {[%emt 0:01:25]} Nbd7 {[%emt 0:00:08]} 9. Qd2 {[%emt 0:01:27]} Be7 {[%emt 0:00:05]} 10. O-O-O {[%emt 0:01:48]} O-O {[%emt 0:00:06]} 11. g4 {[%emt 0:01:55]} b5 {[%emt 0:00:09]} 12. a3 {[%emt 0:03:14]} Nb6 {[%emt 0:05:22]} 13. Na5 {[%emt 0:05:34]} Qc7 {[%emt 0:03:50]} 14. g5 {[%emt 0:19:40]} Nfd7 {[%emt 0:12:05]} 15. h4 {[%emt 0:04:36]} Rfc8 {[%emt 0:09:41]} 16. Rh2 {[%emt 0:04:42]} Rab8 {[%emt 0:02:51]} 17. h5 {[%emt 0:02:19]} Nc4 {[%emt 0:03:44]} 18. Nxc4 {[%emt 0:32:33]} bxc4 {[%emt 0:00:32]} 19. g6 {[%emt 0:16:51]} Qb7 {[%emt 0:05:03]} 20. gxf7+ {[%emt 0:00:06]} Bxf7 {[%emt 0:02:39]} 21. Na4 c3 22. Nxc3 0-1

[Event "Central-SRB chT 2018"]
[Site "Kragujevac"]
[Date "2018.09.16"]
[Round "4"]
[White "Markovic, Milan D"]
[Black "Ilic, Zoran S"]
[Result "0-1"]
[WhiteElo "2247"]
[BlackElo "2307"]
[Annotator "TA"]
[PlyCount "98"]
[EventDate "2018.09.14"]
[EventType "team-tourn"]
[EventCountry "SRB"]
[SourceTitle "playchess.com"]
[Source "ChessBase"]
[SourceQuality "1"]

{[%evp 20,98,0,0,0,-12,4,-1,21,7,23,18,13,18,16,0,-14,-30,-31,-29,0,14,26,-91,14,-46,-62,-47,22,-24,-28,-25,-28,-54,-53,-91,-77,-143,-133,-135,-130,-145,-144,-161,-180,-163,-174,-155,-43,-308,-309,-308,-287,-1071,-1069,-1143,-1140,-1135,-1130,-956,-654,-670,-670,-639,-656,-642,-623,-662,-647,-670,-670,-679,-710,-816,-814,-876,-880,-873,-858,-995,-994]} 1. g3 g6 2. Bg2 Bg7 3. c4 c5 4. Nc3 Nc6 5. Nf3 d6 6. O-O e6 7. e3 Nge7 8. d4 O-O 9. b3 cxd4 {A37: Symmetrical English vs ...g6: 4 Bg2 Bg7 5 Nf3} (9... Re8 10. Bb2 cxd4 11. Nxd4 Nxd4 12. exd4 d5 13. cxd5 exd5 14. Re1 Be6 15. Ne2 Nf5 16. Nf4 Qb6 17. Nxd5 Bxd5 18. Bxd5 Nxd4 19. Bxd4 Rxe1+ 20. Qxe1 Bxd4 {½-½ (36) Moussard,J (2576)-Bauer,C (2628) Cappelle-la-Grande 2018}) 10. exd4 Nf5 11. Ne2 {LiveBook: 3 Games} Rb8 $146 {The position is equal.} ({Predecessor:} 11... Qb6 12. Bb2 Rd8 13. Rb1 d5 14. c5 Qc7 15. Bh3 {0-1 (24) Islam,A (2146)-Rahman,Z (2487) Dhaka 2013}) 12. a4 Qb6 13. Bb2 a5 14. Rb1 Nb4 15. Nf4 Re8 16. Re1 Bd7 17. g4 Ne7 18. Ng5 h6 19. Ne4 {Threatening c5.} Qc7 (19... d5 $5 {[%cal Rd5e4]} 20. c5 Qc7 $11) 20. d5 e5 21. h3 (21. Bh3 $11 {keeps the balance.}) 21... b6 ({Avoid the trap} 21... exf4 $2 22. Bxg7 Kxg7 23. Qd4+ Kf8 24. Qh8+ Ng8 25. Nf6 $18) (21... f5 $17 22. gxf5 gxf5) 22. Ne2 (22. Nd3 $11) 22... f5 $36 {[%mdl 2048] Black fights for an advantage.} 23. gxf5 Nxf5 (23... gxf5 $15 24. N4g3 Ng6) 24. N2g3 Nh4 25. Re3 Rf8 26. Bc3 Na6 27. Qd2 Rf4 28. Ne2 ({White should try} 28. b4) 28... Rf7 29. Rf1 Rbf8 30. Rg3 Kh7 31. f4 Nc5 32. Nxc5 Qxc5+ 33. Kh2 {[#]} Nf5 (33... g5 $1 $17 {[%cal Re5f4][%mdl 512]} 34. Be4+ (34. fxg5 Rxf1) 34... Bf5) 34. fxe5 $2 {[%mdl 8192]} (34. Rd3 $15) 34... Nxg3 $19 35. Rxf7 Rxf7 36. Bd4 $2 (36. Nxg3 Bxe5 37. Bxe5 dxe5 38. Ne4) 36... Bxe5 {...Nxe2+ is the strong threat.Black is clearly winning.} 37. Bxe5 Nf1+ 38. Bxf1 Qf2+ 39. Bg2 dxe5 40. Qd3 Bf5 41. Qf3 Qxf3 42. Bxf3 Bxh3 {[%mdl 4096] Endgame KRB-KBN} 43. Kg3 Bf5 44. Nc3 Bc2 45. Bg4 Bxb3 46. Be6 Rf8 47. d6 Rd8 48. d7 Kg7 49. Bh3 Bxc4 {Precision: White = 28%, Black = 47%.} 0-1

[Event "Central-SRB chT 2018"]
[Site "Kragujevac"]
[Date "2018.09.16"]
[Round "4"]
[White "Gavrilovic, Leonardo"]
[Black "Adzic, Momcilo"]
[Result "1-0"]
[WhiteElo "2243"]
[BlackElo "2265"]
[Annotator "TA"]
[PlyCount "68"]
[EventDate "2018.09.14"]
[EventType "team-tourn"]
[EventCountry "SRB"]
[SourceTitle "playchess.com"]
[Source "ChessBase"]
[SourceQuality "1"]

{[%evp 21,68,0,32,-21,6,6,6,4,51,27,42,51,54,58,73,68,87,96,104,104,101,105,157,106,100,104,110,104,110,125,168,170,155,151,139,154,274,217,186,167,472,191,210,0,468,435,437,440,551]} 1. e4 e5 2. Nf3 Nc6 3. Bb5 Nge7 4. O-O g6 5. c3 Bg7 6. d4 exd4 7. cxd4 a6 8. Ba4 b5 {C60: Ruy Lopez: Unusual Black 3rd moves and 3...g6} 9. Bb3 d6 10. Nc3 O-O 11. h3 Bb7 {LiveBook: 29 Games} (11... Na5 12. Bc2 c5 13. dxc5 dxc5 14. Qxd8 Rxd8 {0-1 (65) Vachier Lagrave,M (2789)-Mamedyarov,S (2808) Leuven 2018}) 12. a4 (12. Rb1 $14) 12... b4 $146 ({Predecessor:} 12... Na5 13. Bc2 b4 14. Ne2 c5 15. Bf4 Nc4 16. Qc1 cxd4 {0-1 (56) Bellaiche,A (2472)-Ivanisevic,I (2617) Aix les Bains 2011}) 13. Nd5 Nxd5 14. Bxd5 Rb8 15. Bg5 Qd7 16. Qd3 a5 17. Rac1 {Strongly threatening Qb5.} h6 18. Be3 Nd8 19. Bxb7 Rxb7 20. b3 c6 21. d5 Re8 ({Black should play} 21... c5) 22. Qa6 (22. Nd2 $142) 22... c5 $16 23. Nd2 ({Of course not} 23. Qxa5 $6 Rxe4 24. Nd2 Re5 $11) 23... Ra7 24. Qd3 f5 {[#]} 25. exf5 $1 gxf5 26. Nc4 Nf7 27. Bf4 Re4 28. Qg3 Ra6 (28... Kh7 $16 {was necessary.} 29. Rfe1 (29. Nxd6 Rxf4 30. Nxf7 Rd4 $16) 29... Qb7) 29. f3 Rd4 30. Rfd1 $40 {[%mdl 128] And now Rxd4 would win. White goes for the king.} Qb7 $2 (30... Kh7 31. Kh2 Qb7) 31. Ne3 (31. Rxd4 $142 cxd4 32. Qg6 (32. Bxd6 Qxd5 33. Bc7 d3 $14)) 31... Qd7 $18 32. Nc4 $2 (32. Rxd4 cxd4 {[#]} 33. Rc6 $1 {[%mdl 512]} dxe3 34. Rxa6) 32... Qb7 $1 33. Rxd4 cxd4 34. Qg6 Qd7 {Precision: White = 54%, Black = 40%.} 1-0